Electronics mathematics (Record no. 543623)
[ view plain ]
| 000 -LEADER | |
|---|---|
| fixed length control field | 00686cam a22001931 4500 |
| 082 ## - DEWEY DECIMAL CLASSIFICATION NUMBER | |
| Classification number | 510.246213 |
| Author Mark | NUN |
| -- | L-1;P-3 |
| 100 1# - MAIN ENTRY--PERSONAL NAME | |
| Personal name | Nunz, Gregory J. |
| 9 (RLIN) | 39050 |
| 245 10 - TITLE STATEMENT | |
| Title | Electronics mathematics |
| Statement of responsibility, etc. | [by] Gregory J. Nunz and William L. Shaw. |
| 260 ## - PUBLICATION, DISTRIBUTION, ETC. | |
| Place of publication, distribution, etc. | New York, |
| Name of publisher, distributor, etc. | McGraw-Hill |
| Date of publication, distribution, etc. | [c1967] |
| 300 ## - PHYSICAL DESCRIPTION | |
| Extent | 2 v. in 1 |
| Other physical details | illus. |
| Dimensions | 23 cm. |
| 505 1# - FORMATTED CONTENTS NOTE | |
| Formatted contents note | v. 1. Arithmetic and algebra.-v. 2. Algebra, trigonometry, and calculus. |
| 526 ## - STUDY PROGRAM INFORMATION NOTE | |
| Program name | 0 |
| Interest level | 0 |
| Reading level | 0 |
| Title point value | 510_246213000000000_NUN |
| 526 ## - STUDY PROGRAM INFORMATION NOTE | |
| Program name | 0 |
| Interest level | 0 |
| Reading level | 0 |
| Title point value | 510_246213000000000_NUN |
| 526 ## - STUDY PROGRAM INFORMATION NOTE | |
| Program name | 0 |
| Interest level | 0 |
| Reading level | 0 |
| Title point value | 510_246213000000000_NUN |
| 650 #0 - SUBJECT ADDED ENTRY--TOPICAL TERM | |
| Topical term or geographic name entry element | Electronics |
| General subdivision | Mathematics. |
| 9 (RLIN) | 39051 |
| 650 #0 - SUBJECT ADDED ENTRY--TOPICAL TERM | |
| Topical term or geographic name entry element | MCE |
| 9 (RLIN) | 379 |
| 700 1# - ADDED ENTRY--PERSONAL NAME | |
| Personal name | Shaw, William L., |
| 9 (RLIN) | 39052 |
| 942 ## - ADDED ENTRY ELEMENTS (KOHA) | |
| Source of classification or shelving scheme | |
| Koha item type | Book |
| Withdrawn status | Lost status | Source of classification or shelving scheme | Damaged status | Not for loan | Permanent Location | Current Location | Date acquired | Total Checkouts | Full call number | Barcode | Date last seen | Price effective from | Koha item type |
|---|---|---|---|---|---|---|---|---|---|---|---|---|---|
| Military College of Engineering (MCE) | Military College of Engineering (MCE) | 03/28/2014 | 510.246213 NUN | MCE-15881 | 03/28/2014 | 03/28/2014 | Book | ||||||
| Military College of Engineering (MCE) | Military College of Engineering (MCE) | 03/28/2014 | 510.246213 NUN | MCE-15880 | 03/28/2014 | 03/28/2014 | Book | ||||||
| Military College of Engineering (MCE) | Military College of Engineering (MCE) | 03/28/2014 | 510.246213 NUN | MCE-3563 | 03/28/2014 | 03/28/2014 | Book |
